书目信息 |
| 题名: |
锌铬涂层技术
|
|
| 作者: | 肖合森 , 孙海 , 蔡晓兰 编著 | |
| 分册: | ||
| 出版信息: | 北京 化学工业出版社 2008 |
|
| 页数: | 168页 | |
| 开本: | 21cm | |
| 丛书名: | 表面处理清洁生产技术丛书 | |
| 单 册: | ||
| 中图分类: | TQ153.1 | |
| 科图分类: | ||
| 主题词: | 镀锌--技术 , 镀铬--技术 , 镀锌 , 镀铬 | |
| 电子资源: | ||
| ISBN: | 978-7-122-01404-7 | |
| 000 | 01060oam2 22003131 45 | |
| 001 | 1032964406 | |
| 005 | 20100407100247.56 | |
| 010 | @a978-7-122-01404-7@dCNY18.00 | |
| 100 | @a20100330d2008 em y0chiy50 ea | |
| 101 | 0 | @achi |
| 102 | @aCN@b110000 | |
| 105 | @aa z 000yy | |
| 106 | @ar | |
| 200 | 1 | @a锌铬涂层技术@AXin Ge Tu Ceng Ji Shu@f肖合森,孙海,蔡晓兰编著@FXiao He Sen, Sun Hai, Cai Xiao Lan Bian Zhu |
| 210 | @a北京@c化学工业出版社@d2008 | |
| 215 | @a168页@c图@d21cm | |
| 225 | 2 | @a表面处理清洁生产技术丛书 |
| 330 | @a本书主要包括:锌铝片制备、锌铬涂料制备、涂覆工艺和设备、涂层质量控制等,列举了锌铬涂层在家用电器、紧固件等零件上的应用,提供了锌铬涂层的国内外标准与技术规范。 | |
| 461 | 0 | @12001 @a表面处理清洁生产技术丛书 |
| 606 | 0 | @a镀锌@x技术 |
| 606 | 0 | @a镀铬@x技术 |
| 606 | 0 | @a镀锌 |
| 606 | 0 | @a镀铬 |
| 690 | @aTQ153.1@v4 | |
| 701 | 0 | @a肖合森@AXiao He Sen@4编著 |
| 701 | 0 | @a孙海@ASun Hai@4编著 |
| 701 | 0 | @a蔡晓兰@ACai Xiao Lan@4编著 |
| 801 | 0 | @aCN@bTANGWEI@c20100407 |
| 905 | @b0586763-67@dTQ153.1@e21@f5 | |
| 锌铬涂层技术/肖合森,孙海,蔡晓兰编著.-北京:化学工业出版社,2008 |
| 168页:图;21cm.-(表面处理清洁生产技术丛书) |
| ISBN 978-7-122-01404-7:CNY18.00 |
| 本书主要包括:锌铝片制备、锌铬涂料制备、涂覆工艺和设备、涂层质量控制等,列举了锌铬涂层在家用电器、紧固件等零件上的应用,提供了锌铬涂层的国内外标准与技术规范。 |
| ● |
| 相关链接 |
|
|
|
|
正题名:锌铬涂层技术
索取号:TQ153.1/21
 
预约/预借
| 序号 | 登录号 | 条形码 | 馆藏地/架位号 | 状态 | 备注 |
| 1 | 0586763 | 205867631 | 第二样本阅览室/ [索取号:TQ153.1/21] | 在馆 | |
| 2 | 0586764 | 205867640 | 第三借阅区/ [索取号:TQ153.1/21] | 在馆 | |
| 3 | 0586765 | 205867659 | 第三借阅区/ [索取号:TQ153.1/21] | 在馆 | |
| 4 | 0586766 | 205867668 | 第三借阅区/ [索取号:TQ153.1/21] | 在馆 | |
| 5 | 0586767 | 205867677 | 第三借阅区/ [索取号:TQ153.1/21] | 在馆 |